各款港鐵列車 Different types of MTR Trains - Statistics

General Stats
  • This quiz has been taken 66 times
  • The average score is 10 of 19
Answer Stats
Picture Answer % Correct
SP1900
85%
K-Train
71%
S-Train
71%
URL M-Train
71%
R-Train
68%
AEL A-Train
66%
DRL M-Train
66%
Q-Train
66%
TCL A-Train
66%
URL C-Train
63%
TML C-Train
61%
MLR-Train
49%
CRH 380a
24%
LRT Phase 1
24%
LRT Phase 2
24%
LRT Phase 3
24%
LRT Phase 4
24%
LRT Phase 5
24%
Lok 2000
12%
No matching quizzes found
Score Distribution
Percent of People with Each Score
Percentile by Number Answered
Your Score History
You have not taken this quiz